000 nam a22 7a 4500
999 _c30374
_d30373
003 OSt
005 20180123085000.0
008 180123b ||||| |||| 00| 0 eng d
040 _aMMU
_beng
_cMMU
_dMMU
050 _aRA418.S63 2012
245 _aHealth sciences 1002A/
_cCompiled by Jessica Polzer
260 _aOntario:
_bWestern University,
_c2012.
300 _a342p.;
650 _ahealth sciences 1002A
942 _2lcc
_cLOAN LOAN